Abitare il nostro tempo. (Record n. 360700)
[ formato base ]
| 000 -LEADER | |
|---|---|
| campo di controllo lung. fissa | 01622nam a22002177a 4500 |
| 003 - Identificatore del numero di controllo | |
| campo di controllo | IT-MiCISF |
| 005 - Data e orario dell'ultima transazione | |
| campo di controllo | 20260109122622.0 |
| 008 - Elementi di lunghezza fissa--Informazione generale | |
| campo di controllo lung. fissa | 260109b |||||||| |||| 00| 0 eng d |
| 020 ## - ISBN (International Standard Book Number) | |
| ISBN (International Standard Book Number) | 9788817188104 |
| 040 ## - Fonte della catalogazione | |
| Agenzia che fa la trascrizione | IT-MiCISF |
| 100 ## - Accesso principale -- nome di persona | |
| Nome di persona | Gerolin Alessandra (a cura di) |
| 9 (RLIN) | 63128 |
| 245 ## - Formulazione del titolo | |
| Titolo | Abitare il nostro tempo. |
| Complemento del titolo | Vivere senza paura nell'età dell'incertezza |
| 260 ## - Pubblicazione, distribuzione, ecc. (stampa) | |
| Luogo di pubblicazione, distribuzione, ecc. | Milano, |
| Nome dell'editore, distributore, ecc. | Rizzoli-Mondadori, |
| Data di pubblicazione, distribuzione, ecc. | 2024 |
| 300 ## - Descrizione fisica | |
| Estensione | pp. 138 |
| 500 ## - Nota generale | |
| Nota generale | società, cambiamento, cristianesimo, rapporti-sociali, politica, filosofia, teologia, esperienze |
| 520 ## - Riassunto, ecc. | |
| Nota di riassunto, ecc. | Un intenso dialogo fra tre grandi personalità religiose e filosofiche – Julián Carrón, Charles Taylor e Rowan Williams – è l’occasione preziosa per tornare a parlare del nostro presente, un periodo storico caratterizzato da profondi mutamenti che generano in tutti noi timori e riflessioni. Dal momento che il mondo in cui viviamo ci pone quotidianamente di fronte all’incertezza, è doveroso provare a trovare delle risposte e chiedersi come si possa vivere con pienezza nell’età secolare. Questo dialogo propone quindi un percorso in grado di fornire punti di vista e prospettive differenti, una riflessione sui valori umani e sullo spazio che possono avere nella realtà attuale, sul senso della fede nella contemporaneità, sul desiderio, sulla libertà e il modo di viverla, sull’amicizia, per trovare infine un cammino comune, qualificato dall’incontro con l’altro pur nelle divergenze |
| 650 ## - Accesso aggiunto di soggetto--termine topico | |
| Termine topico o nome geografico come accesso | Società |
| 654 ## - Accesso aggiunto di soggetto--termini topici faccettati | |
| Termine principale | intervista |
| 700 ## - Accesso aggiunto--nome di persona | |
| Nome di persona | Carron Julian, Taylor Charles, Williams Rowan |
| 9 (RLIN) | 63129 |
| 942 ## - Dati aggiuntivi (Koha) | |
| Fonte della classificazione o dello schema di collocazione (segnatura) | Dewey Decimal Classification |
| Tipo copia default (Koha) | LIBRO |
| Ritirato (status) | Perso (status) | Fonte della classificazione o dello schema di collocazione (segnatura) | Danneggiato (status) | Non per il presito | Biblioteca proprietaria | Biblioteca in cui si trova | Data d'acquisizione | Totale prestiti | Collocazione | Codice a barre | Data ultima operazione | Prezzo in vigore dal | Tipo copia default (Koha) |
|---|---|---|---|---|---|---|---|---|---|---|---|---|---|
| Dewey Decimal Classification | Buone Condizioni | Not For Loan | CISF - Milano | CISF - Milano | 09/01/2026 | A2508 | 9788817188104 | 09/01/2026 | 09/01/2026 | LIBRO |